000 00587nam a2200181Ia 4500
008 090123s9999 xx 000 0 und d
082 _b38332
100 _aलोखंडे शांताराम संभाजी
245 _aछबिना
250 _a1
260 _bसंवेदना प्रकाशन
_c2005
300 _a64
600 _aलोखंडे शांताराम संभाजी
630 _aछबिना
700 _aलोखंडे शांताराम संभाजी
730 _aछबिना
942 _cBOOK
999 _c76399
_d76399